[Event "Le Touquet op Seniors"]
[Site "Le Touquet"]
[Date "2002.??.??"]
[Round "7"]
[White "Garet, Jacques"]
[Black "Beal, Guy"]
[Result "1-0"]
[WhiteElo "1840"]
[BlackElo "1590"]
[PlyCount "98"]
[EventDate "2002.10.??"]
[EventType "swiss"]
[EventRounds "7"]
[EventCountry "FRA"]
[SourceTitle "EXT 2003"]
[Source "ChessBase"]
[SourceDate "2002.11.25"]
[SourceVersion "1"]
[SourceVersionDate "2002.11.25"]
[SourceQuality "1"]

1. d4 Nf6 2. Nf3 e6 3. Bf4 g6 4. h3 Bg7 5. e3 0-0 6. Be2 b6 7. 0-0 Bb7 8. c4 c5 9. Nc3 Na6 10. Bd6 Re8 11. Ne5 Ne4 12. Nxe4 Bxe4 13. Bf3 f5 14. Bxe4 fxe4 15. Qg4 Bxe5 16. dxe5 Qc8 17. Qxe4 Nb4 18. h4 Qc6 19. Qg4 Kh8 20. h5 gxh5 21. Qxh5 Rg8 22. f3 Rg6 23. Rf2 Rag8 24. Be7 h6 25. Rd1 Na6 26. Rd6 Qb7 27. Rfd2 Nb8 28. e4 b5 29. cxb5 Qxb5 30. b3 c4 31. bxc4 Qb1+ 32. Kh2 Qf1 33. Bf6+ Kh7 34. Rxd7+ Nxd7 35. Rxd7+ R8g7 36. Rxg7+ Rxg7 37. Bxg7 Kxg7 38. Qe8 Qxc4 39. Qe7+ Kg8 40. Qxa7 Qb5 41. Qd4 Qa5 42. a4 Qe1 43. Qd8+ Kf7 44. Qf6+ Kg8 45. Qxe6+ Kh7 46. Qf6 h5 47. Qg5 h4 48. e6 h3 49. e7 hxg2 1-0